000 01324nac a22002411u 4500
008 101219s1977 xxu||||| |||| 00| 0 ara d
020 _a70658205 (ج1)
020 _a70658107 (ج 2)
082 _a671.522
_bف و ت
100 1 _aفوتكه ، فيليكس
_921548
245 _aاللحام بالغاز /
_cفيليكس فوتكه ؛ ترجمة حسن محمود اسماعيل ؛ إشراف أنور محمود عبد الواحد
260 _aالقاهرة :
_bمؤسسة الأهرام ،1977
_c1977.
300 _a2 ج :
_bايض ؛
_c18 سم.
490 0 _917331
_aالأسس التكنولوجية ؛
_n8
490 0 _917331
_aالأسس التكنولوجية ؛
_n9
650 _aاللحام بالغاز
_921550
650 _aلحام المعادن
_921549
700 1 _aاسماعيل ، حسن محمود
_921551
_eترجمة
700 1 _aعبد الواحد ، أنور محمود
_921593
_eإشراف
942 _cBB
_k671.522 ف و ت
_2ddc
999 _c6328
_d6328